000
00321nam a2200121Ia 4500
008
220204s9999 xx 000 0 und d
082
_a
336.12
_b
JOS
100
_a
Joshi, P L
245
0
_a
Zero base budgeting technology in government
260
_a
Bombay
_b
Dhruv &Deep
_c
1987
650
_a
Zero base budgeting
942
_c
BK
999
_c
39531
_d
39531